00787nam a22002057a 450000500170000001000150001702000260003203500140005803700090007208200130008110000260009424500600012026000590018027000800023930000210031970000380034094200270037899900190040595201570042420240926162238.0 aENG-141791 a9789357317733c499.00 aEN-125323 bDBAD a891.4608 aBagul, Baburao972057 aLootaloot/cBy Baburao Bagul Translated By Manav Kambli aGurugrambHachelle Book Publishing India Pvt Ltdc2024 a4th & 5th Floor, Corporate Centre, Plot No. 94, Sector 44bGurugrame122003 a178p.c20cm.(pb) aKambli, Manav eTranslated972053 2ddccENh891.4608mBAG c205950d205950 001040708NFICaAVbAVd2024-09-26eDelivery of Books Act Divisiong499.00l0o891.4608 BAGpEN-125323r2024-09-26 00:00:00t1v499.00w2024-09-26yEN